My Hero Academia Teachers - Statistics

General Stats
  • This quiz has been taken 944 times
    907 since last reset
  • The average score is 9 of 13
Answer Stats
Quirk Answer % Correct
One for All Toshinori Yagi/All Might
100%
Erasure Shota Aizawa/Eraser Head
98%
Voice Hizashi Yamada/Present MIc
85%
Somnambulist Nemuri Kayama/Midnight
78%
Black Hole Thirteen
73%
High Spec Nezu/Mr Principal
67%
Cement Ken Ishiyama/Cementoss
63%
Clones Ectoplasm
59%
Blood Manipulation Sekijiro Kan/Vlad King
55%
Jet Gran Torino
49%
Dog Ryo Inui/Hound Dog
49%
Homing Snipe
49%
Iron Claws Higari Maijima/Power Loader
31%
No matching quizzes found
Score Distribution
Percent of People with Each Score
Percentile by Number Answered
Your Score History
You have not taken this quiz since the last reset